Short stories in Dutch (Record no. 4695)

MARC details
000 -CABECERA
campo de control de longitud fija 02185cam a22004095i 4500
001 - NÚMERO DE CONTROL
campo de control 23938923
005 - FECHA Y HORA DE LA ÚLTIMA TRANSACCIÓN
campo de control 20250523065220.0
008 - DATOS DE LONGITUD FIJA--INFORMACIÓN GENERAL
campo de control de longitud fija 241203t20192019enka e 000 j dut
010 ## - NÚMERO DE CONTROL DE LA BIBLIOTECA DEL CONGRESO
Número de control de LC 2024403334
020 ## - NÚMERO INTERNACIONAL ESTÁNDAR DEL LIBRO
Número Internacional Estándar del Libro 9781529302868
035 ## - NÚMERO DE CONTROL DEL SISTEMA
Número de control de sistema (OCoLC)on1137298372
040 ## - FUENTE DE LA CATALOGACIÓN
Centro/agencia transcriptor tbs
041 0# - CÓDIGO DE LENGUA
Código de lengua del texto/banda sonora o título independiente dut
-- eng
042 ## - CÓDIGO DE AUTENTICACIÓN
Código de autenticación lccopycat
100 ## - ENTRADA PRINCIPAL--NOMBRE DE PERSONA
Nombre de persona Richards, Olly
Término indicativo de función/relación author
9 (RLIN) 12403
245 10 - MENCIÓN DE TÍTULO
Título Short stories in Dutch
Resto del título : read for pleasure at your level and learn Dutch the fun way!
Mención de responsabilidad, etc. / Olly Richards ; translated by Rosemary Mitchell-Schuitevoerder.
246 30 - FORMA VARIANTE DE TÍTULO
Título propio/Titulo breve Dutch
246 34 - FORMA VARIANTE DE TÍTULO
Título propio/Titulo breve Short stories in Dutch :
Resto del título for beginners
246 30 - FORMA VARIANTE DE TÍTULO
Título propio/Titulo breve Read for pleasure at your level and learn Dutch the fun way
260 ## - PUBLICACIÓN, DISTRIBUCIÓN, ETC.
Lugar de publicación, distribución, etc. London :
Nombre del editor, distribuidor, etc. John Murray Learning, an imprint of Hodder & Stroughton,
Fecha de publicación, distribución, etc. 2019.
300 ## - DESCRIPCIÓN FÍSICA
Extensión xiv, 224 pages :
Otras características físicas illustrations ;
Dimensiones 20 cm.
490 ## - MENCIÓN DE SERIE
Mención de serie Foreign language graded reader series.
490 ## - MENCIÓN DE SERIE
Mención de serie Teach yourself.
505 0# - NOTA DE CONTENIDO CON FORMATO
Nota de contenido con formato De gekke loempia — Een heel bijzondere excursie — De ridder — Het horloge — De kist — Onbekend terrein — Laura, de onzichtbare vrouw — De capsule.
505 0# - NOTA DE CONTENIDO CON FORMATO
Nota de contenido con formato Mapped to A2-B1 on the Common European Framework of Reference — A glossary for bolded words in each text — A bilingual word list — Full plot summary — Comprehension questions after each chapter.
520 ## - SUMARIO, ETC.
Sumario, etc. A collection of eight short stories for adult learners of Dutch as a foreign language, written for students from beginner to intermediate level, designed to give a sense of achievement, and most importantly - enjoyment! Includes 1000 most frequent words, authentic spoken dialogues, conversational expressions, comprehension questions and glossary of Dutch to English translation.
650 #0 - PUNTO DE ACCESO ADICIONAL DE MATERIA--TÉRMINO DE MATERIA
Término de materia o nombre geográfico como elemento de entrada Dutch language
Subdivisión de forma Self-instruction
9 (RLIN) 25305
650 #0 - PUNTO DE ACCESO ADICIONAL DE MATERIA--TÉRMINO DE MATERIA
Término de materia o nombre geográfico como elemento de entrada Dutch language
Subdivisión de forma Readers
9 (RLIN) 25306
650 #0 - PUNTO DE ACCESO ADICIONAL DE MATERIA--TÉRMINO DE MATERIA
Término de materia o nombre geográfico como elemento de entrada Short stories, Dutch
9 (RLIN) 25307
650 #0 - PUNTO DE ACCESO ADICIONAL DE MATERIA--TÉRMINO DE MATERIA
Término de materia o nombre geográfico como elemento de entrada Readers (Adult)
9 (RLIN) 25300
655 #0 - TÉRMINO DE INDIZACIÓN--GÉNERO/FORMA
Datos o término principal de género/forma Short stories
9 (RLIN) 22375
655 #0 - TÉRMINO DE INDIZACIÓN--GÉNERO/FORMA
Datos o término principal de género/forma Readers (Publications)
9 (RLIN) 25108
655 #0 - TÉRMINO DE INDIZACIÓN--GÉNERO/FORMA
Datos o término principal de género/forma Self-instructional works
9 (RLIN) 25331
655 #0 - TÉRMINO DE INDIZACIÓN--GÉNERO/FORMA
Datos o término principal de género/forma Instructional and educational works
9 (RLIN) 23270
700 ## - ENTRADA AGREGADA--NOMBRE PERSONAL
Nombre de persona Mitchell-Schuitevoerder, Rosemary
Término indicativo de función/relación translator
9 (RLIN) 25308
942 ## - ELEMENTOS DE ENTRADA AGREGADA (KOHA)
Fuente del sistema de clasificación o colocación Clasificación de Library of Congress
Holdings
Estado de retiro Estado de pérdida Fuente del sistema de clasificación o colocación Estado dañado No para préstamo Biblioteca de origen Biblioteca actual Fecha de adquisición Total de préstamos Signatura topográfica completa Código de barras Fecha visto por última vez Número de copia Precio válido a partir de Tipo de ítem Koha
    Clasificación de Library of Congress     TBS Barcelona TBS Barcelona 22/05/2025   READER-NL RIC B05871 23/03/2026 1 22/05/2025 Teach Yourself Dutch

Powered by Koha